000 00568nam a22001817a 4500
001 114578
003 DR-UNIBE
005 20260428125048.0
008 260414b2000 pn ||||| |||| 00| 0 spa d
040 _aBIBLIOTECA UNIBE
_bspa
_cBIBLIOTECA UNIBE
041 _aspa
082 _aF 5830
245 0 3 _a"Menores"... o ¿niños, niñas y adolescentes?
260 _a Panamá :
_bFondo de las Naciones Unidas para la Infancia :
_bÓrgano Judicial de la República de Panamá,
_c2000
300 _apaginación varias
650 _aDerechos del niño
942 _2ddc
_cMX
999 _c114578
_d114578